| 000 | 00533nam a2200157 a 4500 | ||
|---|---|---|---|
| 001 | 000048955 | ||
| 005 | 20201002061535.0 | ||
| 008 | 190507s2015 dr c r 000 0 spa d | ||
| 020 | _a9789945888591 | ||
| 040 |
_aDO-SdBNP _bspa _cBNPHU |
||
| 082 |
_axxxx _bxxxx |
||
| 245 | 0 | 0 | _aPlan de manejo del santuario mamĂferos marinos de los bancos de la plata y la navidad. |
| 260 |
_aSanto Domingo : _bMinisterio de Medio Ambiente y Recursos Naturales, _c2015. |
||
| 300 |
_a141 p. : _bretr. ; _c28 cm. |
||
| 504 | _aBibliografĂa : p. 135-141 | ||
| 999 |
_c48443 _d48443 |
||